阮朝木版

Đầu trang sách ghi : Cục Văn thư và Lưu trữ Nhà nước. Trung Tâm Lưu trữ Quốc gia IV; tr.945-946; Văn bản song song bằng tiếng Việt - Hán; Nội dung trình bày những thông tin về các nhà khoa bảng các tỉnh Trung Bộ và Nam Bộ. Đây là những thông tin g...

Disgrifiad llawn

Wedi'i Gadw mewn:
Manylion Llyfryddiaeth
Prif Awdur: Phạm, Thị Huệ
Awduron Eraill: Cục Văn thư và Lưu trữ Nhà nước
Fformat: Llyfr
Iaith:Undetermined
Cyhoeddwyd: Hà Nội Chính trị Quốc gia - Sự thật 2012
Pynciau:
Mynediad Ar-lein:http://lrc.tdmu.edu.vn/opac/search/detail.asp?aID=2&ID=20133
Tagiau: Ychwanegu Tag
Dim Tagiau, Byddwch y cyntaf i dagio'r cofnod hwn!
Thư viện lưu trữ: Trung tâm Học liệu Trường Đại học Thủ Dầu Một
LEADER 01265nam a2200205Ia 4500
001 TDMU_20133
008 210410s9999 xx 000 0 und d
082 |a 371.809597 
090 |b PH104 
100 |a Phạm, Thị Huệ 
245 0 |a é˜®æœæœ¨ç‰ˆ 
260 |a Hà Nội 
260 |b Chính trị Quốc gia - Sự thật 
260 |c 2012 
300 |a xl, 951 tr. 
520 |a Đầu trang sách ghi : Cục Văn thư và Lưu trữ Nhà nước. Trung Tâm Lưu trữ Quốc gia IV; tr.945-946; Văn bản song song bằng tiếng Việt - Hán; Nội dung trình bày những thông tin về các nhà khoa bảng các tỉnh Trung Bộ và Nam Bộ. Đây là những thông tin gốc được khắc trên Mộc bản triều Nguyễn lần đầu tiên được công bố. 
650 |a Nhà khoa bảng  |z Việt Nam; Tài liệu mộc bản  |z Việt Nam; Thi cử  |z Việt Nam  |y Triều đại nhà Nguyễn,1802-1945 
700 |a Cục Văn thư và Lưu trữ Nhà nước 
856 |u http://lrc.tdmu.edu.vn/opac/search/detail.asp?aID=2&ID=20133 
980 |a Trung tâm Học liệu Trường Đại học Thủ Dầu Một